000 00348nam a2200133Ia 4500
008 151001s9999||||xx |||||||||||||| ||und||
100 _aवसंत माधव
245 _aमातीच्या घागरी
250 _a1
260 _bरंगश्रेयाली
260 _c2002
300 _a91
365 _b21
999 _c981212
_d981209